Synergetická ekonomika

Charakteristika súčasnej etapy rozvoja ekonomickej vedy. Využívanie modelov v ekonomike. Súčasná metodológia analýzy nelineárnych dynamických systémov sa sformovala do nového vedeckého smeru, ktorý sa nazýva synergetika. Táto interdisciplinárna veda je nacielená na odhalenie všeobecných princípov ev...

Descripción completa

Guardado en:
Detalles Bibliográficos
Autor principal: Prno, Ignác
Formato: Capítulo de libro
Lenguaje:eslovaco
Materias:
Etiquetas: Agregar Etiqueta
Sin Etiquetas, Sea el primero en etiquetar este registro!

MARC

LEADER 00000naa$a2200000$$$4500
001 0021888
005 20221104091941.9
041 0 |a slo 
044 |a SK 
245 1 0 |a Synergetická ekonomika  |c Ignác Prno 
520 |a Charakteristika súčasnej etapy rozvoja ekonomickej vedy. Využívanie modelov v ekonomike. Súčasná metodológia analýzy nelineárnych dynamických systémov sa sformovala do nového vedeckého smeru, ktorý sa nazýva synergetika. Táto interdisciplinárna veda je nacielená na odhalenie všeobecných princípov evolúcie a samoorganizácie zložitých systémov v rozličných oblastiach poznania na báze zostavenia a výskumu nelineárnych dynamických matematických modelov. Synergetika a synergetická ekonomika. 
610 2 0 |a synergetika 
610 2 0 |a veda systémová 
610 2 0 |a teórie ekonomické 
610 2 0 |a kybernetika ekonomická 
610 2 0 |a systémy zložité 
610 2 0 |a modely dynamické 
610 2 0 |a definície 
100 1 |a Prno, Ignác